00000000cas 2200000zi 4500
0019.842783
003CaOODSP
00520260123103739
006m     o  d f      
007cr cn ||||||||
008170831c20089999oncar p o    f0###b0fre|d
022 |a2819-2664
040 |aCaOODSP|bfre|erda|cCaOODSP
043 |an-cn---
0861 |aSC100-11F-PDF
1102 |aÉcole de la fonction publique du Canada.|eauteur, |eorganisme de publication.
222 0|aÉtats financiers (non vérifiés), exercice se terminant le ... |b(École de la fonction publique du Canada)
24510|aÉtats financiers (non vérifiés), exercice se terminant le ... / |cÉcole de la fonction publique du Canada.
24613|aÉcole de la fonction publique du Canada, états financiers (non vérifiés) pour l'exercice se terminant le ...
24613|aÉcole de la fonction publique du Canada, états financiers (non audités) pour l'exercice se terminant le ...
24613|aÉtats financiers (non audités) pour l'exercice se terminant le ...
24613|aÉtats financiers (non vérifiés) pour l'exercice se terminant le ...
264 1|a[Ottawa] : |bÉcole de la fonction publique du Canada, |c[2008]-
310 |aAnnuel
336 |atexte|btxt|2rdacontent/fre
337 |ainformatique|bc|2rdamedia/fre
338 |aressource en ligne|bcr|2rdacarrier/fre
3621 |aParaît depuis : 31 mars 2008.
500 |aPublié aussi en anglais sous le titre : Financial statements (unaudited) for the year ended ...
588 |aDescription d'après : 31 mars 2008; titre de la page couverture du fichier PDF.
588 |aDernière livraison consultée : 31 mars 2024.
61026|aÉcole de la fonction publique du Canada|xCrédits budgétaires et dépenses|vPériodiques.
650 6|aÉtats financiers non vérifiés|zCanada|vPériodiques.
650 6|aFinances publiques|zCanada|vPériodiques.
655 7|aPériodiques|2rvmgf
77508|tFinancial statements (unaudited) for the year ended ... / |w(CaOODSP)9.842776